|
|
|
|
| LEADER |
00000cam a2200000 7i4500 |
| 001 |
0000002862 |
| 005 |
20040127.0 |
| 090 |
0 |
0 |
|a FAO634.61
|b ARA 1997
|
| 100 |
1 |
0 |
|a ARANCON
|h Romulo N., Jr.
|
| 245 |
1 |
0 |
|a Asia-Pacific forestry sector outlook :
|b focus on coconut wood
|c by Romulo N. Arancon Jr.
|
| 260 |
0 |
0 |
|a Rome :
|b Food and Agriculture Organization of the United Nations ,
|c 1997
|
| 300 |
|
|
|a 36 p. ;
|c 30 cm.
|
| 440 |
0 |
0 |
|a Asia-Pacific forestry sector outlook study working paper series ; no. APFSOS/WP/23
|
| 500 |
0 |
0 |
|a Bibliography : p. 35
|
| 650 |
0 |
0 |
|a Coconut palm
|
| 710 |
1 |
1 |
|a Food and Agriculture Organization of the United Nations (FAO)
|
| 998 |
|
|
|a JPSM
|
| 999 |
|
|
|a 0000004762
|b Monograph
|c Food and Agriculture Organization
|e Default branch
|
| 999 |
|
|
|a 0000004763
|b Monograph
|c Food and Agriculture Organization
|e Default branch
|